[Event "POL-chT 58th"]
[Site "Lubniewice"]
[Date "2002.09.03"]
[Round "4"]
[White "Jakubowski, Krzysztof"]
[Black "Gratka, Krzysztof"]
[Result "1-0"]
[WhiteElo "2475"]
[BlackElo "2306"]
[PlyCount "117"]
[EventDate "2002.08.31"]
[EventType "team-tourn"]
[EventRounds "9"]
[EventCountry "POL"]
[SourceTitle "EXT 2019"]
[Source "ChessBase"]
[SourceDate "2018.10.10"]
[SourceVersion "1"]
[SourceVersionDate "2018.10.10"]
[SourceQuality "1"]
[WhiteTeam "Suwalki Hancza"]
[BlackTeam "Legnica Miedz"]
[WhiteTeamCountry "POL"]
[BlackTeamCountry "POL"]

1. e4 c5 2. Nf3 e6 3. d4 cxd4 4. Nxd4 a6 5. Bd3 Nf6 6. 0-0 d6 7. Kh1 g6 8. Bg5 Bg7 9. f4 Nbd7 10. f5 Ne5 11. fxe6 Bxe6 12. Nxe6 fxe6 13. Nd2 0-0 14. Nc4 Nxd3 15. Qxd3 h6 16. Bxf6 Rxf6 17. Nxd6 Rxf1+ 18. Rxf1 Be5 19. Nxb7 Qxd3 20. cxd3 Bxb2 21. Nc5 Rd8 22. Rd1 Kf7 23. Nxa6 Ra8 24. Rb1 Bc3 25. Rb6 Rd8 26. Nc5 e5 27. g3 Bd4 28. Rb7+ Kf6 29. Nb3 Be3 30. Kg2 Rxd3 31. Rc7 Rd1 32. Kf3 Bd4 33. Rc2 Ba7 34. Nd2 Bd4 35. Ke2 Rh1 36. Nf3 Ra1 37. Kd3 Rd1+ 38. Rd2 Ra1 39. Nxd4 exd4 40. Kxd4 Ke6 41. Re2 Rd1+ 42. Kc5 Ra1 43. e5 g5 44. Kb5 Rb1+ 45. Ka5 Rb8 46. a4 Ra8+ 47. Kb4 Rb8+ 48. Kc4 Ra8 49. Ra2 Kxe5 50. a5 Kd6 51. a6 Kc6 52. Kd4 Kb6 53. Ke5 Re8+ 54. Kf5 Ka7 55. Ra3 Re2 56. h3 Rg2 57. Kg6 g4 58. h4 Rf2 59. Ra4 1-0

[Event "POL-chT 58th"]
[Site "Lubniewice"]
[Date "2002.09.01"]
[Round "2"]
[White "Gratka, Krzysztof"]
[Black "Sendera, Jaroslaw"]
[Result "1/2-1/2"]
[WhiteElo "2306"]
[BlackElo "2365"]
[PlyCount "72"]
[EventDate "2002.08.31"]
[EventType "team-tourn"]
[EventRounds "9"]
[EventCountry "POL"]
[SourceTitle "EXT 2019"]
[Source "ChessBase"]
[SourceDate "2018.10.10"]
[SourceVersion "1"]
[SourceVersionDate "2018.10.10"]
[SourceQuality "1"]
[WhiteTeam "Legnica Miedz"]
[BlackTeam "Rzeszow Zelmer"]
[WhiteTeamCountry "POL"]
[BlackTeamCountry "POL"]

1. c4 Nf6 2. Nf3 g6 3. g3 Bg7 4. Bg2 0-0 5. 0-0 d6 6. Nc3 Nc6 7. Rb1 a5 8. d3 Nh5 9. a3 f5 10. Qc2 f4 11. b4 axb4 12. axb4 Bg4 13. e3 e5 14. Nd5 Ne7 15. Bb2 fxg3 16. fxg3 c6 17. Nxe7+ Qxe7 18. b5 Bh6 19. Bc1 c5 20. e4 Bxc1 21. Qxc1 Ng7 22. Qg5 Qxg5 23. Nxg5 Rxf1+ 24. Bxf1 h6 25. Nh3 Ne6 26. Nf2 Bf3 27. Bg2 Bxg2 28. Kxg2 Ra2 29. Rd1 Kg7 30. h4 g5 31. hxg5 hxg5 32. Rh1 Kf6 33. Rh5 Rb2 34. Rh1 Ra2 35. Rh5 Ra3 36. Rh1 Ra2 1/2-1/2

[Event "POL-chT2 South"]
[Site "Ustron"]
[Date "2001.09.??"]
[Round "?"]
[White "Gratka, Krzysztof"]
[Black "Orzech, Dominik"]
[Result "1/2-1/2"]
[WhiteElo "2307"]
[BlackElo "2251"]
[PlyCount "33"]
[EventDate "2001.09.14"]
[EventType "team-swiss"]
[EventRounds "10"]
[EventCountry "POL"]
[SourceTitle "EXT 2019"]
[Source "ChessBase"]
[SourceDate "2018.10.10"]
[SourceVersion "1"]
[SourceVersionDate "2018.10.10"]
[SourceQuality "1"]
[WhiteTeam "Legnica Miedz"]
[BlackTeam "Kozuchow Odrodzenie"]
[WhiteTeamCountry "POL"]
[BlackTeamCountry "POL"]

1. Nf3 Nf6 2. c4 g6 3. g3 Bg7 4. Bg2 0-0 5. Nc3 d6 6. 0-0 e5 7. d4 Nbd7 8. Qc2 Re8 9. Rd1 c6 10. b3 a6 11. dxe5 dxe5 12. Ng5 Qc7 13. Nge4 Bf8 14. Qd2 Be7 15. Bb2 a5 16. h4 Bc5 17. Nxf6+ 1/2-1/2

[Event "POL-chT2 South"]
[Site "Ustron"]
[Date "2001.09.??"]
[Round "?"]
[White "Gratka, Krzysztof"]
[Black "Walach, Marcin"]
[Result "1/2-1/2"]
[WhiteElo "2307"]
[BlackElo "2267"]
[PlyCount "33"]
[EventDate "2001.09.14"]
[EventType "team-swiss"]
[EventRounds "10"]
[EventCountry "POL"]
[SourceTitle "EXT 2019"]
[Source "ChessBase"]
[SourceDate "2018.10.10"]
[SourceVersion "1"]
[SourceVersionDate "2018.10.10"]
[SourceQuality "1"]
[WhiteTeam "Legnica Miedz"]
[WhiteTeamCountry "POL"]

1. Nf3 Nf6 2. c4 g6 3. g3 Bg7 4. Bg2 0-0 5. 0-0 c5 6. Nc3 Nc6 7. a3 d5 8. cxd5 Nxd5 9. Nxd5 Qxd5 10. d3 Qd6 11. Rb1 Bd7 12. Be3 Rac8 13. Nd2 b6 14. b4 cxb4 15. axb4 Nd4 16. Nc4 Qe6 17. Bxd4 1/2-1/2

[Event "Polanica Zdroj op"]
[Site "Polanica Zdroj"]
[Date "2001.08.22"]
[Round "7"]
[White "Guliev, Logman"]
[Black "Gratka, Krzysztof"]
[Result "1-0"]
[WhiteElo "2371"]
[BlackElo "2307"]
[PlyCount "65"]
[EventDate "2001.08.16"]
[EventType "swiss"]
[EventRounds "10"]
[EventCountry "POL"]
[SourceTitle "EXT 2002"]
[Source "ChessBase"]
[SourceDate "2001.11.25"]
[SourceVersion "1"]
[SourceVersionDate "2001.11.25"]
[SourceQuality "1"]

1. e4 c5 2. Nf3 e6 3. d4 cxd4 4. Nxd4 a6 5. Bd3 Nf6 6. 0-0 d6 7. c4 Be7 8. Nc3 0-0 9. Be3 b6 10. f4 Bb7 11. a3 Nc6 12. b4 Nxd4 13. Bxd4 Nd7 14. Rc1 Rc8 15. Kh1 Bf6 16. Be2 Qc7 17. Qd2 Rfd8 18. Rfd1 Qc6 19. Qe1 Qc7 20. Qg1 Rb8 21. Nd5 exd5 22. cxd5 Bxd4 23. Qxd4 Nc5 24. bxc5 dxc5 25. Qc3 Qe7 26. Bf3 Qf6 27. Qe3 Re8 28. Rb1 Qe7 29. Rxb6 Rbc8 30. Qb3 Ba8 31. Qc4 a5 32. h3 h6 33. e5 1-0

[Event "Polanica Zdroj op"]
[Site "Polanica Zdroj"]
[Date "2001.08.19"]
[Round "4"]
[White "Gratka, Krzysztof"]
[Black "Gromczak, Dariusz"]
[Result "1-0"]
[WhiteElo "2307"]
[BlackElo "2142"]
[PlyCount "40"]
[EventDate "2001.08.16"]
[EventType "swiss"]
[EventRounds "10"]
[EventCountry "POL"]
[SourceTitle "EXT 2002"]
[Source "ChessBase"]
[SourceDate "2001.11.25"]
[SourceVersion "1"]
[SourceVersionDate "2001.11.25"]
[SourceQuality "1"]

1. c4 f5 2. Nf3 Nf6 3. g3 g6 4. Bg2 Bg7 5. 0-0 0-0 6. Nc3 d6 7. d3 c6 8. Rb1 a5 9. a3 Na6 10. b4 axb4 11. axb4 Bd7 12. Ba3 Nc7 13. Qb3 Kh8 14. e3 e5 15. Bb2 f4 16. exf4 exf4 17. Rbe1 Bg4 18. c5 Nfd5 19. Ne4 Nb5 20. Bxg7+ Kxg7 1-0

[Event "Polanica Zdroj op-A"]
[Site "Polanica Zdroj"]
[Date "2000.08.20"]
[Round "4"]
[White "Gratka, Krzysztof"]
[Black "Kengis, Edvins"]
[Result "0-1"]
[WhiteElo "2328"]
[BlackElo "2589"]
[PlyCount "72"]
[EventDate "2000.08.17"]
[EventType "swiss"]
[EventRounds "10"]
[EventCountry "POL"]
[SourceTitle "EXT 2001"]
[Source "ChessBase"]
[SourceDate "2000.11.22"]
[SourceVersion "1"]
[SourceVersionDate "2000.11.22"]
[SourceQuality "1"]

1. c4 b6 2. Nc3 Bb7 3. e4 e6 4. d3 Ne7 5. Be2 g6 6. h4 h5 7. Bg5 Bg7 8. Nf3 d6 9. d4 Nd7 10. Qd2 Nf6 11. d5 e5 12. Nh2 c6 13. dxc6 Nxc6 14. Nf3 Qd7 15. Qd1 Rd8 16. 0-0 0-0 17. Qc2 Rc8 18. Bxf6 Bxf6 19. Nd5 Bg7 20. b3 Rfe8 21. Qd2 Nd4 22. Nxd4 exd4 23. Bf3 Bxd5 24. exd5 b5 25. cxb5 Qxb5 26. Rfe1 Rc3 27. Rxe8+ Qxe8 28. Re1 Qd8 29. Re4 Qc8 30. Re1 Bf6 31. Re2 Kg7 32. Kf1 d3 33. Re1 Qc5 34. Bd1 Bxh4 35. a3 Bf6 36. b4 Qxd5 0-1

[Event "POL-chT U19 31st"]
[Site "Wisla"]
[Date "2000.07.22"]
[Round "4.1"]
[White "Gratka, Krzysztof"]
[Black "Grycel, Kamil"]
[Result "1-0"]
[WhiteElo "2328"]
[BlackElo "2250"]
[PlyCount "97"]
[EventDate "2000.07.19"]
[EventType "team-tourn"]
[EventRounds "11"]
[EventCountry "POL"]
[SourceTitle "EXT 2005"]
[Source "ChessBase"]
[SourceDate "2004.11.15"]
[SourceVersion "1"]
[SourceVersionDate "2004.11.15"]
[SourceQuality "1"]
[WhiteTeam "Warszawa Polonia TOP GAN U19"]
[BlackTeam "Suwalki Hancza U19"]
[WhiteTeamCountry "POL"]
[BlackTeamCountry "POL"]

1. c4 e5 2. Nc3 Nf6 3. g3 Bb4 4. Bg2 0-0 5. Nf3 Re8 6. 0-0 Bxc3 7. dxc3 Qe7 8. Ne1 Nc6 9. Nc2 d6 10. e4 a5 11. b3 Nd8 12. Ne3 b6 13. h4 Nb7 14. b4 axb4 15. cxb4 d5 16. exd5 Qxb4 17. Bd2 Qb2 18. Rb1 Qxa2 19. Bc3 Qa7 20. Qc2 Nd6 21. Bb4 Nd7 22. Bh3 Nc5 23. Bxc8 Nxc8 24. Bxc5 bxc5 25. Qf5 Qa4 26. Rb2 Nd6 27. Qd3 Reb8 28. Rfb1 Rxb2 29. Rxb2 f6 30. Kg2 Qa1 31. Qc2 Qe1 32. Rb1 Qa5 33. Rb3 Qa1 34. Rb2 g6 35. Qc3 Kg7 36. Qd2 Ra4 37. Ng4 Nf5 38. d6 Rxc4 39. Ra2 Qb1 40. d7 Qb7+ 41. Kh2 Rxg4 42. d8Q Rd4 43. Ra8 Rxd8 44. Qxd8 Kh6 45. Qf8+ Kh5 46. Qxf6 Kg4 47. Ra3 Qh1+ 48. Kxh1 Kh3 49. g4+ 1-0

[Event "POL-chT U19 31st"]
[Site "Wisla"]
[Date "2000.07.21"]
[Round "3.1"]
[White "Jakubowski, Krzysztof"]
[Black "Gratka, Krzysztof"]
[Result "1/2-1/2"]
[WhiteElo "2371"]
[BlackElo "2328"]
[PlyCount "31"]
[EventDate "2000.07.19"]
[EventType "team-tourn"]
[EventRounds "11"]
[EventCountry "POL"]
[SourceTitle "EXT 2005"]
[Source "ChessBase"]
[SourceDate "2004.11.15"]
[SourceVersion "1"]
[SourceVersionDate "2004.11.15"]
[SourceQuality "1"]
[WhiteTeam "Plock PTSz U19"]
[BlackTeam "Warszawa Polonia TOP GAN U19"]
[WhiteTeamCountry "POL"]
[BlackTeamCountry "POL"]

1. e4 c5 2. Nf3 e6 3. d4 cxd4 4. Nxd4 a6 5. Bd3 Nf6 6. 0-0 d6 7. c4 Be7 8. Nc3 0-0 9. Be3 b6 10. f4 Bb7 11. Rc1 Nc6 12. Nxc6 Bxc6 13. Qe2 Nd7 14. Bb1 Re8 15. Rfd1 Qb8 16. a3 1/2-1/2

[Event "Rilton Cup 29th"]
[Site "Stockholm"]
[Date "2000.01.05"]
[Round "9"]
[White "Ohlzon, Nils Johan"]
[Black "Gratka, Krzysztof"]
[Result "0-1"]
[WhiteElo "2114"]
[BlackElo "2373"]
[PlyCount "54"]
[EventDate "1999.12.27"]
[EventType "swiss"]
[EventRounds "9"]
[EventCountry "SWE"]
[SourceTitle "CBM 074 Extra"]
[Source "ChessBase"]
[SourceDate "2000.03.10"]
[SourceVersion "2"]
[SourceVersionDate "2000.03.10"]
[SourceQuality "1"]

1. e4 c5 2. Nf3 e6 3. d4 cxd4 4. Nxd4 a6 5. Bd3 Nf6 6. 0-0 d6 7. Nc3 Be7 8. Be3 0-0 9. f4 b5 10. Qf3 Bb7 11. Qh3 Nbd7 12. e5 dxe5 13. Nxe6 fxe6 14. fxe5 Nxe5 15. Rxf6 Bxf6 16. Bxh7+ Kf7 17. Qh5+ g6 18. Bxg6+ Nxg6 19. Qh7+ Bg7 20. Rf1+ Qf6 21. Rxf6+ Kxf6 22. Qh5 Rac8 23. Qg5+ Kf7 24. h4 Bf6 25. Qg3 Nxh4 26. Qd6 Rfd8 27. Qb6 Rd7 0-1

[Event "Rilton Cup 29th"]
[Site "Stockholm"]
[Date "2000.01.03"]
[Round "7"]
[White "Azizi, Haroon"]
[Black "Gratka, Krzysztof"]
[Result "0-1"]
[WhiteElo "2150"]
[BlackElo "2373"]
[PlyCount "98"]
[EventDate "1999.12.27"]
[EventType "swiss"]
[EventRounds "9"]
[EventCountry "SWE"]
[SourceTitle "CBM 074 Extra"]
[Source "ChessBase"]
[SourceDate "2000.03.10"]
[SourceVersion "2"]
[SourceVersionDate "2000.03.10"]
[SourceQuality "1"]

1. Nf3 Nf6 2. g3 g6 3. Bg2 Bg7 4. 0-0 0-0 5. d3 d6 6. e4 c5 7. Nbd2 Nc6 8. Re1 Rb8 9. a4 a6 10. c3 e5 11. Nf1 Re8 12. Be3 h6 13. Qd2 Kh7 14. h3 b6 15. g4 d5 16. g5 hxg5 17. Nxg5+ Kg8 18. Qc2 Bb7 19. Rad1 d4 20. cxd4 cxd4 21. Qc4 Rf8 22. Bd2 Nh5 23. Nh2 a5 24. Ng4 Qe7 25. Kh1 Bf6 26. Nf3 Rfd8 27. Nxf6+ Nxf6 28. Bg5 Kg7 29. Qb5 Re8 30. Kg1 Qd6 31. Nd2 Na7 32. Qb3 Ba6 33. Rc1 Nc6 34. f4 Nb4 35. fxe5 Rxe5 36. Nf3 Nd7 37. Rcd1 Ree8 38. e5 Nxe5 39. Rf1 Nd7 40. Nh2 f5 41. Bf4 Qf6 42. Ng4 Qe7 43. Nf2 Nc5 44. Qa3 Rbd8 45. h4 Qxh4 46. Nh3 Re2 47. Bc7 Rde8 48. Nf4 Qg4 49. Bxb6 Bb7 0-1

[Event "POL-ch U18"]
[Site "Wisla"]
[Date "2000.??.??"]
[Round "5"]
[White "Augustyn, Sebastian"]
[Black "Gratka, Krzysztof"]
[Result "0-1"]
[WhiteElo "2000"]
[BlackElo "2339"]
[PlyCount "58"]
[EventDate "2000.02.26"]
[EventType "swiss"]
[EventRounds "10"]
[EventCountry "POL"]
[SourceTitle "EXT 2005"]
[Source "ChessBase"]
[SourceDate "2004.11.15"]
[SourceVersion "1"]
[SourceVersionDate "2004.11.15"]
[SourceQuality "1"]

1. b3 c5 2. Bb2 Nc6 3. f4 Nf6 4. Nf3 g6 5. e4 Bg7 6. d3 0-0 7. Nc3 d6 8. Be2 Bg4 9. 0-0 Rb8 10. h3 Bxf3 11. Bxf3 Nd7 12. Qd2 Qa5 13. Rad1 b5 14. Ba1 b4 15. Ne2 Rfc8 16. Bxg7 Kxg7 17. a4 Nd4 18. Ng3 Qd8 19. Rde1 e6 20. f5 Qh4 21. Kh2 Ne5 22. Bd1 Rg8 23. f6+ Kf8 24. c3 bxc3 25. Qxc3 Rb4 26. Re3 Ke8 27. Kg1 Qg5 28. Kf2 Qxf6+ 29. Bf3 Ndxf3 0-1

[Event "POL-chT U19 30th"]
[Site "Straszecin"]
[Date "1999.??.??"]
[Round "?"]
[White "Zawadzki, Stanislaw"]
[Black "Gratka, Krzysztof"]
[Result "0-1"]
[WhiteElo "2204"]
[BlackElo "2357"]
[PlyCount "80"]
[EventDate "1999.07.21"]
[EventType "team-tourn"]
[EventRounds "11"]
[EventCountry "POL"]
[SourceTitle "EXT 2002"]
[Source "ChessBase"]
[SourceDate "2001.11.25"]
[SourceVersion "1"]
[SourceVersionDate "2001.11.25"]
[SourceQuality "1"]
[WhiteTeam "Wroclaw Srodmiescie U19"]
[BlackTeam "Warszawa Polonia PKO BP U19"]
[WhiteTeamCountry "POL"]
[BlackTeamCountry "POL"]

1. e4 c5 2. c3 d5 3. exd5 Qxd5 4. d4 Nc6 5. Nf3 Bg4 6. Be2 cxd4 7. cxd4 e6 8. 0-0 Nf6 9. h3 Bh5 10. Nc3 Qa5 11. a3 Bd6 12. Be3 0-0 13. b4 Qd8 14. Qb3 h6 15. Rfd1 Ne7 16. g4 Bg6 17. Ne5 Bh7 18. Bf3 Qb8 19. Bf4 a6 20. Re1 Qa7 21. Rad1 Rac8 22. Bg3 b5 23. Ne4 Bxe4 24. Bxe4 Ned5 25. Bxd5 Nxd5 26. Rd3 Rc7 27. Rf3 Rfc8 28. Qb1 Bxe5 29. Bxe5 Rc2 30. Rd1 R8c4 31. Kg2 Qb7 32. Rdd3 Qc6 33. Qe1 Ra2 34. h4 Rcc2 35. Bg3 Re2 36. Qh1 Rac2 37. Kh2 Nf6 38. Rf4 Rxf2+ 39. Rxf2 Rxf2+ 40. Bxf2 Nxg4+ 0-1

[Event "GER-POL m"]
[Site "Swidnica"]
[Date "1998.06.24"]
[Round "1"]
[White "Haensel, Thomas"]
[Black "Gratka, Krzysztof"]
[Result "0-1"]
[WhiteElo "2090"]
[BlackElo "2300"]
[PlyCount "84"]
[EventDate "1998.??.??"]
[EventType "team"]
[EventRounds "2"]
[EventCountry "POL"]
[SourceTitle "EXT 2002"]
[Source "ChessBase"]
[SourceDate "2001.11.25"]
[SourceVersion "1"]
[SourceVersionDate "2001.11.25"]
[SourceQuality "1"]

1. e4 c5 2. Nf3 e6 3. d4 cxd4 4. Nxd4 a6 5. Bd3 Nf6 6. Qe2 d6 7. Nc3 Nbd7 8. Be3 Qc7 9. 0-0-0 b5 10. a3 Bb7 11. f4 Rc8 12. Kb1 g6 13. Rhf1 Qb8 14. g4 Rxc3 15. bxc3 Nc5 16. Bc1 Bxe4 17. g5 Nd5 18. Bb2 Na4 19. Qe1 Bxd3 20. Rxd3 Ne7 21. Nxe6 fxe6 22. Qxe6 Nc5 23. Qf6 Nxd3 24. Qxh8 Nc5 25. Qxh7 Ne4 26. Ka1 Qc8 27. f5 Qc4 28. Re1 gxf5 29. g6 Qg8 30. Rg1 Bg7 31. c4 Bxb2+ 32. Kxb2 Qxc4 33. Qh8+ Kd7 34. Rg2 b4 35. a4 Nc3 36. Qh3 Nxa4+ 37. Kc1 Qf4+ 38. Rd2 Nxg6 39. Qg2 Ne7 40. Qb7+ Ke8 41. Qxa6 Nc3 42. Qxd6 Qf1+ 0-1

[Event "Swidnica op rap"]
[Site "Swidnica"]
[Date "1998.??.??"]
[Round "?"]
[White "Gratka, Krzysztof"]
[Black "Berezin, Oleg"]
[Result "0-1"]
[WhiteElo "2300"]
[BlackElo "2455"]
[PlyCount "76"]
[EventDate "1998.??.??"]
[EventType "swiss"]
[EventRounds "9"]
[EventCountry "POL"]
[SourceTitle "EXT 2003"]
[Source "ChessBase"]
[SourceDate "2002.11.25"]
[SourceVersion "1"]
[SourceVersionDate "2002.11.25"]
[SourceQuality "1"]

1. c4 c6 2. b3 d5 3. Bb2 Nf6 4. g3 Bg4 5. Bg2 e6 6. Nf3 Nbd7 7. 0-0 Bd6 8. d4 Qb8 9. Nbd2 0-0 10. Rc1 Rd8 11. a3 h5 12. b4 Bf8 13. Re1 a5 14. cxd5 cxd5 15. bxa5 Rxa5 16. Qb3 Ra6 17. Ne5 Rb6 18. Qc3 Nxe5 19. dxe5 Nd7 20. Ba1 Ra6 21. e4 d4 22. Qxd4 Nc5 23. Qe3 Nd3 24. Bf1 Rxa3 25. Nc4 Bc5 26. Qxc5 Nxc5 27. Nxa3 Nb3 28. Rb1 Nxa1 29. Rxa1 Qxe5 30. Nc4 Qd4 31. e5 Bf3 32. Ra3 Bd5 33. Nd6 f6 34. Nb5 Qb4 35. Rae3 Rc8 36. Nd6 Rc3 37. R3e2 fxe5 38. Ne4 Rb3 0-1

[Event "Polanica Zdroj op"]
[Site "Polanica Zdroj"]
[Date "1998.??.??"]
[Round "?"]
[White "Gratka, Krzysztof"]
[Black "Onoprienko, Vladimir"]
[Result "1/2-1/2"]
[WhiteElo "2330"]
[BlackElo "2370"]
[PlyCount "94"]
[EventDate "1998.??.??"]
[EventType "swiss"]
[EventRounds "10"]
[EventCountry "POL"]
[SourceTitle "EXT 2003"]
[Source "ChessBase"]
[SourceDate "2002.11.25"]
[SourceVersion "1"]
[SourceVersionDate "2002.11.25"]
[SourceQuality "1"]

1. c4 e5 2. g3 Nf6 3. Bg2 d5 4. cxd5 Nxd5 5. Nc3 Nb6 6. Nf3 Nc6 7. 0-0 Be7 8. d3 0-0 9. a3 Be6 10. b4 f6 11. Bb2 a5 12. b5 Nd4 13. Nd2 Rb8 14. e3 Nf5 15. Qc2 Qd7 16. Nb3 a4 17. Na5 Nd6 18. Rab1 Kh8 19. Rfd1 Rfe8 20. Bc1 Bf8 21. Nc4 Ra8 22. Rb4 Ndxc4 23. dxc4 Qf7 24. Rb1 Bxc4 25. Bxb7 Bb3 26. Qd3 Bxd1 27. Bxa8 Rxa8 28. Nxd1 Qc4 29. Qxc4 Nxc4 30. Nc3 Rd8 31. Kf1 Bxa3 32. Bxa3 Nd2+ 33. Ke2 Nxb1 34. Nxb1 e4 35. Bb4 Rd3 36. Na3 Rb3 37. Bc5 Rb2+ 38. Kf1 Kg8 39. Kg2 Kf7 40. g4 Ke6 41. h4 g6 42. Kg3 h5 43. f3 g5 44. fxe4 gxh4+ 45. Kxh4 hxg4 46. Kxg4 Ra2 47. Kf3 Rb2 1/2-1/2

[Event "POL-ch U16"]
[Site "Krynica"]
[Date "1998.??.??"]
[Round "?"]
[White "Jasik, Piotr"]
[Black "Gratka, Krzysztof"]
[Result "0-1"]
[WhiteElo "2025"]
[BlackElo "2300"]
[PlyCount "55"]
[EventDate "1998.??.??"]
[EventType "swiss"]
[EventRounds "11"]
[EventCountry "POL"]
[SourceTitle "EXT 2002"]
[Source "ChessBase"]
[SourceDate "2001.11.25"]
[SourceVersion "1"]
[SourceVersionDate "2001.11.25"]
[SourceQuality "1"]

1. e4 c5 2. Nf3 e6 3. d4 cxd4 4. Nxd4 a6 5. Bd3 Nf6 6. Nc3 d6 7. 0-0 Nbd7 8. Kh1 b5 9. f4 Bb7 10. Qf3 Nc5 11. a3 Be7 12. Be3 0-0 13. Rae1 Re8 14. Nde2 Bf8 15. Ng3 g6 16. h3 Bg7 17. Qf2 Nfd7 18. Bd4 Bxd4 19. Qxd4 e5 20. Qf2 exf4 21. Qxf4 Ne5 22. Nd5 f5 23. Re3 Bxd5 24. exd5 Ra7 25. Rfe1 Rd7 26. Qd4 f4 27. Qxf4 Ncxd3 28. cxd3 0-1

[Event "Swidnica op rap"]
[Site "Swidnica"]
[Date "1998.??.??"]
[Round "?"]
[White "Kuzmin, Gennadi P"]
[Black "Gratka, Krzysztof"]
[Result "1/2-1/2"]
[WhiteElo "2580"]
[BlackElo "2300"]
[PlyCount "57"]
[EventDate "1998.??.??"]
[EventType "swiss"]
[EventRounds "9"]
[EventCountry "POL"]
[SourceTitle "EXT 2003"]
[Source "ChessBase"]
[SourceDate "2002.11.25"]
[SourceVersion "1"]
[SourceVersionDate "2002.11.25"]
[SourceQuality "1"]

1. e4 c5 2. Nf3 e6 3. Nc3 a6 4. d4 cxd4 5. Nxd4 Qc7 6. Bd3 Nf6 7. 0-0 Nc6 8. Nb3 Be7 9. f4 d6 10. Be3 0-0 11. Qf3 b6 12. a3 Bb7 13. Qh3 Rfe8 14. Rae1 g6 15. Nd2 d5 16. Nf3 dxe4 17. Nxe4 Nxe4 18. Bxe4 f5 19. Bd3 Bf6 20. b4 b5 21. Qg3 Rad8 22. h4 Qg7 23. Bb6 Rd7 24. h5 Nd4 25. Nxd4 Bxd4+ 26. Bxd4 Qxd4+ 27. Rf2 Kf7 28. Kf1 Bd5 29. Qg5 1/2-1/2

[Event "Polanica Zdroj op"]
[Site "Polanica Zdroj"]
[Date "1998.??.??"]
[Round "?"]
[White "Sivokho, Sergey V"]
[Black "Gratka, Krzysztof"]
[Result "0-1"]
[WhiteElo "2425"]
[BlackElo "2330"]
[PlyCount "130"]
[EventDate "1998.??.??"]
[EventType "swiss"]
[EventRounds "10"]
[EventCountry "POL"]
[SourceTitle "EXT 2003"]
[Source "ChessBase"]
[SourceDate "2002.11.25"]
[SourceVersion "1"]
[SourceVersionDate "2002.11.25"]
[SourceQuality "1"]

1. e4 c5 2. c3 d5 3. exd5 Qxd5 4. d4 Nc6 5. Nf3 Bg4 6. Be2 cxd4 7. cxd4 e6 8. Nc3 Qa5 9. h3 Bh5 10. d5 0-0-0 11. 0-0 Nf6 12. Ng5 Bg6 13. Bd3 Bxd3 14. Qxd3 Rd7 15. Nxf7 Nb4 16. Qe2 Rxf7 17. dxe6 Rc7 18. Bf4 Rxc3 19. bxc3 Nc6 20. Rfd1 Qf5 21. Bh2 Bc5 22. Re1 Rf8 23. Rac1 h5 24. Qc2 Qg5 25. Rcd1 Nd5 26. Rd2 Rf6 27. Qd3 Rf5 28. Red1 Qf6 29. Bg3 g5 30. c4 Nb6 31. h4 gxh4 32. Bxh4 Qxe6 33. Bg3 Nd4 34. Qf1 Qf6 35. Qe1 Qe6 36. Qxe6+ Nxe6 37. Re2 Rf6 38. Rde1 Kd7 39. Re5 Rh6 40. Rf5 Kc6 41. Re4 a5 42. Rh4 a4 43. Be5 a3 44. Kf1 Be7 45. Rhxh5 Rxh5 46. Rxh5 Nxc4 47. f4 b5 48. g3 b4 49. Ke2 Nc5 50. Bh8 Nb2 51. f5 Ne4 52. Rh6+ Kd5 53. f6 Bf8 54. Rh5+ Ke6 55. Ra5 Nc3+ 56. Kf3 Nxa2 57. g4 Nc4 58. Ra6+ Kf7 59. Ra7+ Kg6 60. Ra8 Bd6 61. Ke4 b3 62. Rg8+ Kf7 63. Rg7+ Ke6 64. Rb7 b2 65. f7 Nb4 0-1

[Event "MK Cafe Cup-A"]
[Site "Koszalin"]
[Date "1997.08.10"]
[Round "9"]
[White "Gratka, Krzysztof"]
[Black "Renet, Olivier"]
[Result "1/2-1/2"]
[WhiteElo "2265"]
[BlackElo "2520"]
[PlyCount "98"]
[EventDate "1997.08.03"]
[EventType "swiss"]
[EventRounds "10"]
[EventCountry "POL"]
[SourceTitle "CBM 059 Extra"]
[Source "ChessBase"]
[SourceDate "1997.09.26"]
[SourceVersion "1"]
[SourceVersionDate "1997.09.26"]
[SourceQuality "1"]

1. c4 g6 2. Nf3 Bg7 3. g3 Nf6 4. Bg2 0-0 5. 0-0 d6 6. Nc3 e5 7. d3 Re8 8. Bg5 h6 9. Bxf6 Bxf6 10. Rb1 a5 11. a3 Bg7 12. b4 axb4 13. axb4 Nc6 14. b5 Nd4 15. Nxd4 exd4 16. Nd5 Ra3 17. Bf3 Bd7 18. Qc1 Ra2 19. Nb4 Ra5 20. Qd2 Qc8 21. Rfe1 Kh7 22. h4 Ra4 23. Qf4 f5 24. Bg2 Qa8 25. Qf3 Qa5 26. Nd5 Ra2 27. Kf1 Bc8 28. Nf4 Re5 29. Rbd1 Qa3 30. Nd5 Qc5 31. Ra1 Rxa1 32. Rxa1 c6 33. bxc6 bxc6 34. Nf4 Bd7 35. h5 g5 36. Ng6 Re8 37. Rb1 Qa7 38. Kg1 Rb8 39. Rxb8 Qxb8 40. g4 fxg4 41. Qf7 Qe8 42. Nf8+ Qxf8 43. Qxd7 c5 44. Bd5 Kh8 45. Bf7 Bf6 46. Bg6 Qe7 47. Qxg4 Kg7 48. Be4 Be5 49. Qf5 Qf6 1/2-1/2

[Event "MK Cafe Cup-A"]
[Site "Koszalin"]
[Date "1997.08.08"]
[Round "7"]
[White "Gratka, Krzysztof"]
[Black "Shishkin, Vadim"]
[Result "1-0"]
[WhiteElo "2265"]
[BlackElo "2405"]
[PlyCount "89"]
[EventDate "1997.08.03"]
[EventType "swiss"]
[EventRounds "10"]
[EventCountry "POL"]
[SourceTitle "CBM 059 Extra"]
[Source "ChessBase"]
[SourceDate "1997.09.26"]
[SourceVersion "1"]
[SourceVersionDate "1997.09.26"]
[SourceQuality "1"]

1. c4 f5 2. Nf3 Nf6 3. g3 e6 4. Bg2 d5 5. 0-0 Be7 6. b3 0-0 7. Bb2 c6 8. d4 Bd7 9. Nbd2 Be8 10. Ne5 a5 11. Nd3 Na6 12. a3 Bd6 13. Nf3 Nd7 14. c5 Bc7 15. Bc1 Bh5 16. b4 axb4 17. axb4 Bxf3 18. exf3 g5 19. Re1 Qf6 20. f4 g4 21. Bb2 b5 22. cxb6 Nxb6 23. Rxa6 Rxa6 24. Nc5 Ra2 25. Rxe6 Rxb2 26. Rxf6 Rxf6 27. Bf1 Bd6 28. Nd3 Ra2 29. Qc1 Bf8 30. Ne5 Bxb4 31. Qb1 Ra4 32. Bd3 c5 33. Bxf5 Bc3 34. Kg2 Bxd4 35. Nxg4 Rd6 36. Bxh7+ Kg7 37. Qf5 Ra7 38. Qh5 Nd7 39. Qg5+ Kxh7 40. Qe7+ Bg7 41. Qxd6 c4 42. f5 c3 43. Qg6+ Kh8 44. f6 Bf8 45. f7 1-0